| 000 | 00466cam a2200181ua 4500 | ||
|---|---|---|---|
| 020 | _c7.50 | ||
| 041 |
_amal _h |
||
| 082 |
_a891.8121 _bGUR/SH |
||
| 100 | _aGuruvayyar, Thunchath. | ||
| 245 |
_aSrimad Adhyatma Ramayanam, Vol 1 / _cThunchath Guruvayyar. _hTextual Documents |
||
| 260 |
_a : _bVaidyaratnam Pazhur Narayana Menon , _c1959. |
||
| 300 | _a436. | ||
| 365 | _a7.50 | ||
| 504 | _a | ||
| 942 | _cBK | ||
| 999 |
_c4703 _d4703 |
||